[Event "Deutsche Ländermeisterschaft 2018"]
[Site "Würzburg GER"]
[Date "2018.10.05"]
[Round "4"]
[White "Kololli, Martin"]
[Black "Browning, Alex"]
[Result "1-0"]
[Termination "normal"]
[Board "2.2"]
[WhiteTitle "FM"]
[WhiteElo "2331"]
[BlackElo "2148"]
[WhiteClock "00:02:58"]
[BlackClock "00:02:39"]
[WhiteTeam "Schleswig-Holstein"]
[BlackTeam "Nordrhein-Westfalen"]
[PlyCount "119"]
[WhiteFideId "12936910"]
[BlackFideId "12984019"]
[EventCountry "GER"]
[EventRounds "7"]
[EventType "team-swiss"]
[EventDate "2018.10.02"]

1. e4 {[%clk 1:30:57]} c5 {[%clk 1:30:54]} 2. c3 {[%clk 1:31:20]} Nf6 {[%clk
1:31:19]} 3. e5 {[%clk 1:31:46]} Nd5 {[%clk 1:31:42]} 4. d4 {[%clk 1:32:09]}
cxd4 {[%clk 1:32:07]} 5. Nf3 {[%clk 1:32:32]} Nc6 {[%clk 1:32:32]} 6. Bc4
{[%clk 1:32:01]} Nb6 {[%clk 1:32:55]} 7. Bb3 {[%clk 1:32:20]} d5 {[%clk
1:33:13]} 8. exd6 {[%clk 1:32:32]} Qxd6 {[%clk 1:33:28]} 9. O-O {[%clk
1:32:25]} Be6 {[%clk 1:33:47]} 10. Na3 {[%clk 1:31:38]} a6 {[%clk 1:28:04]} 11.
Bxe6 {[%clk 1:26:29]} Qxe6 {[%clk 1:28:11]} 12. Nxd4 {[%clk 1:25:42]} Nxd4
{[%clk 1:28:29]} 13. Qxd4 {[%clk 1:25:25]} Rd8 {[%clk 1:27:51]} 14. Qh4 {[%clk
1:18:58]} Nd5 {[%clk 1:13:34]} 15. Rd1 {[%clk 1:01:44]} Qc6 {[%clk 1:02:38]}
16. c4 {[%clk 0:56:05]} Nf6 {[%clk 1:02:21]} 17. Rxd8+ {[%clk 0:54:04]} Kxd8
{[%clk 1:02:43]} 18. Bg5 {[%clk 0:52:56]} Kc8 {[%clk 0:59:43]} 19. Qh3+ {[%clk
0:32:14]} e6 {[%clk 0:58:44]} 20. Nc2 {[%clk 0:25:47]} Qe4 {[%clk 0:49:17]} 21.
Qc3 {[%clk 0:21:11]} Bc5 {[%clk 0:39:28]} 22. Be3 {[%clk 0:18:00]} Bxe3 {[%clk
0:36:16]} 23. Nxe3 {[%clk 0:18:22]} Rd8 {[%clk 0:36:27]} 24. Re1 {[%clk
0:15:25]} Qf4 {[%clk 0:33:25]} 25. f3 {[%clk 0:11:45]} h5 {[%clk 0:17:08]} 26.
Rd1 {[%clk 0:07:14]} Rxd1+ {[%clk 0:16:24]} 27. Nxd1 {[%clk 0:07:34]} h4 {[%clk
0:15:20]} 28. b3 {[%clk 0:07:34]} Nd7 {[%clk 0:10:12]} 29. Qe3 {[%clk 0:05:39]}
Qd6 {[%clk 0:10:11]} 30. Nf2 {[%clk 0:05:34]} f5 {[%clk 0:08:26]} 31. h3 {[%clk
0:04:42]} Kc7 {[%clk 0:05:39]} 32. Kf1 {[%clk 0:02:58]} b6 {[%clk 0:04:25]} 33.
Ke2 {[%clk 0:02:13]} a5 {[%clk 0:04:05]} 34. Nd3 {[%clk 0:01:23]} Qg3 {[%clk
0:02:09]} 35. Nf4 {[%clk 0:01:29]} e5 {[%clk 0:02:05]} 36. Nd5+ {[%clk
0:01:43]} Kd6 {[%clk 0:02:27]} 37. Kf1 {[%clk 0:01:46]} Nc5 {[%clk 0:01:17]}
38. Nxb6 {[%clk 0:01:36]} Ne6 {[%clk 0:00:48]} 39. Qd2+ {[%clk 0:00:47]} Nd4
{[%clk 0:01:06]} 40. Qxa5 {[%clk 0:28:54]} Qf4 41. Qa3+ {[%clk 0:29:11]} Ke6
{[%clk 0:29:06]} 42. Nd5 Qg5 {[%clk 0:29:19]} 43. f4 {[%clk 0:22:18]} exf4
{[%clk 0:28:01]} 44. Qc1 {[%clk 0:19:22]} Qg3 {[%clk 0:26:18]} 45. Qd2 {[%clk
0:14:21]} Ke5 {[%clk 0:20:46]} 46. Nb4 {[%clk 0:09:57]} Ke4 {[%clk 0:17:04]}
47. Nc2 {[%clk 0:10:21]} Nxc2 48. Qxc2+ Ke5 {[%clk 0:09:13]} 49. c5 {[%clk
0:09:19]} Qe3 {[%clk 0:03:01]} 50. Qe2 g5 51. Qxe3+ {[%clk 0:02:43]} fxe3
{[%clk 0:03:01]} 52. Ke2 {[%clk 0:02:41]} Kd5 {[%clk 0:01:51]} 53. Kxe3 {[%clk
0:01:43]} Kxc5 {[%clk 0:02:15]} 54. a4 {[%clk 0:01:36]} Kd6 {[%clk 0:01:26]}
55. a5 {[%clk 0:01:39]} Kd5 {[%clk 0:01:52]} 56. b4 {[%clk 0:02:13]} Kc6 {[%clk
0:01:54]} 57. a6 {[%clk 0:02:13]} Kc7 {[%clk 0:02:16]} 58. Kd4 {[%clk 0:02:34]}
Kb6 {[%clk 0:02:20]} 59. b5 {[%clk 0:02:58]} Ka7 {[%clk 0:02:39]} 60. Ke5 1-0

[Event "Deutsche Ländermeisterschaft 2018"]
[Site "Würzburg GER"]
[Date "2018.10.05"]
[Round "4"]
[White "Kopylov, Daniel"]
[Black "Wagner, Leopold Franziskus"]
[Result "1-0"]
[Termination "normal"]
[Board "2.4"]
[WhiteElo "2192"]
[BlackElo "1941"]
[WhiteClock "00:20:07"]
[BlackClock "00:50:09"]
[WhiteTeam "Schleswig-Holstein"]
[BlackTeam "Nordrhein-Westfalen"]
[PlyCount "75"]
[WhiteFideId "12921971"]
[BlackFideId "1641581"]
[EventCountry "GER"]
[EventRounds "7"]
[EventType "team-swiss"]
[EventDate "2018.10.02"]

1. e4 {[%clk 1:30:56]} c6 {[%clk 1:30:51]} 2. d4 {[%clk 1:31:13]} d5 {[%clk
1:31:14]} 3. exd5 {[%clk 1:31:12]} cxd5 {[%clk 1:31:37]} 4. Bd3 {[%clk
1:31:34]} Nc6 {[%clk 1:31:54]} 5. c3 {[%clk 1:31:48]} Qc7 {[%clk 1:32:15]} 6.
Ne2 {[%clk 1:31:13]} Bg4 {[%clk 1:31:41]} 7. O-O {[%clk 1:31:22]} e6 {[%clk
1:31:38]} 8. Qe1 {[%clk 1:30:31]} Bd6 {[%clk 1:31:44]} 9. f3 {[%clk 1:29:14]}
Bh5 {[%clk 1:31:17]} 10. Qh4 {[%clk 1:28:38]} Bg6 {[%clk 1:23:05]} 11. Bxg6
{[%clk 1:26:41]} fxg6 {[%clk 1:23:29]} 12. Nf4 {[%clk 1:24:04]} Bxf4 {[%clk
1:22:47]} 13. Bxf4 {[%clk 1:23:12]} Qd7 {[%clk 1:21:54]} 14. Nd2 {[%clk
1:10:40]} Nf6 {[%clk 1:21:37]} 15. Rae1 {[%clk 1:02:43]} O-O {[%clk 1:21:11]}
16. Nb3 {[%clk 0:59:19]} b6 {[%clk 1:20:30]} 17. Qh3 {[%clk 0:51:12]} Rae8
{[%clk 1:20:14]} 18. Nc1 {[%clk 0:50:21]} Nh5 {[%clk 1:20:02]} 19. Bg3 {[%clk
0:49:39]} Qf7 {[%clk 1:18:28]} 20. Bd6 {[%clk 0:47:51]} Ne7 {[%clk 0:55:12]}
21. Qxe6 {[%clk 0:47:08]} Qxe6 {[%clk 0:55:23]} 22. Rxe6 {[%clk 0:47:24]} Nc6
{[%clk 0:53:21]} 23. Ree1 {[%clk 0:41:04]} Rxe1 {[%clk 0:53:32]} 24. Rxe1
{[%clk 0:41:30]} Rd8 {[%clk 0:53:58]} 25. Bg3 {[%clk 0:31:01]} Nxg3 {[%clk
0:51:33]} 26. hxg3 {[%clk 0:31:18]} Kf7 {[%clk 0:51:45]} 27. Nd3 {[%clk
0:27:56]} Kf6 {[%clk 0:51:55]} 28. Kf2 {[%clk 0:26:02]} a5 {[%clk 0:52:00]} 29.
Nf4 {[%clk 0:25:03]} Rd6 {[%clk 0:51:12]} 30. Re8 {[%clk 0:25:12]} Nd8 {[%clk
0:51:34]} 31. Re5 {[%clk 0:25:15]} a4 {[%clk 0:48:55]} 32. Nxd5+ {[%clk
0:22:58]} Kf7 {[%clk 0:49:17]} 33. Ne3 {[%clk 0:23:01]} Rc6 {[%clk 0:49:28]}
34. a3 {[%clk 0:22:50]} Nb7 {[%clk 0:49:09]} 35. Ke2 {[%clk 0:21:30]} Nd6
{[%clk 0:49:25]} 36. Kd3 {[%clk 0:20:48]} b5 {[%clk 0:49:50]} 37. Rc5 {[%clk
0:20:29]} Rb6 {[%clk 0:50:09]} 38. Rc7+ {[%clk 0:20:07]} 1-0

[Event "Deutsche Ländermeisterschaft 2018"]
[Site "Würzburg GER"]
[Date "2018.10.05"]
[Round "4"]
[White "Farokhi, Keyvan"]
[Black "Browning, Rebecca"]
[Result "1/2-1/2"]
[Termination "normal"]
[Board "2.6"]
[WhiteElo "1855"]
[BlackElo "1873"]
[WhiteClock "00:24:16"]
[BlackClock "00:46:41"]
[WhiteTeam "Schleswig-Holstein"]
[BlackTeam "Nordrhein-Westfalen"]
[PlyCount "89"]
[WhiteFideId "12998630"]
[BlackFideId "12984027"]
[EventCountry "GER"]
[EventRounds "7"]
[EventType "team-swiss"]
[EventDate "2018.10.02"]

1. c4 {[%clk 1:30:57]} c5 {[%clk 1:30:52]} 2. g3 {[%clk 1:31:15]} g6 {[%clk
1:31:19]} 3. Bg2 {[%clk 1:31:32]} Bg7 {[%clk 1:31:35]} 4. Nc3 {[%clk 1:31:47]}
Nc6 {[%clk 1:32:00]} 5. Nf3 {[%clk 1:32:01]} b6 {[%clk 1:30:47]} 6. O-O {[%clk
1:27:10]} e6 {[%clk 1:29:25]} 7. d4 {[%clk 1:22:31]} Nge7 {[%clk 1:23:55]} 8.
dxc5 {[%clk 1:15:39]} bxc5 {[%clk 1:19:06]} 9. Ne4 {[%clk 1:15:42]} O-O {[%clk
1:18:25]} 10. Nxc5 {[%clk 1:10:44]} Rb8 {[%clk 1:18:36]} 11. Nd3 {[%clk
1:04:54]} Na5 {[%clk 1:16:10]} 12. Qc2 {[%clk 1:03:39]} Ba6 {[%clk 1:14:43]}
13. c5 {[%clk 0:58:05]} Nd5 {[%clk 1:06:40]} 14. Nfe1 {[%clk 0:47:59]} Nb4
{[%clk 1:01:04]} 15. Nxb4 {[%clk 0:46:51]} Rxb4 {[%clk 1:01:29]} 16. Nd3 {[%clk
0:41:28]} Bxd3 {[%clk 0:52:06]} 17. exd3 {[%clk 0:39:54]} Qe7 {[%clk 0:51:17]}
18. Rb1 {[%clk 0:36:36]} Rfb8 {[%clk 0:49:01]} 19. b3 {[%clk 0:36:04]} Bd4
{[%clk 0:40:42]} 20. Bd2 {[%clk 0:29:06]} R4b5 {[%clk 0:40:05]} 21. b4 {[%clk
0:29:18]} Nc6 {[%clk 0:39:16]} 22. Qc4 {[%clk 0:29:14]} Qf6 {[%clk 0:29:13]}
23. a4 {[%clk 0:19:46]} R5b7 {[%clk 0:24:42]} 24. Bxc6 {[%clk 0:19:30]} dxc6
{[%clk 0:25:06]} 25. Be3 {[%clk 0:18:41]} Bxe3 {[%clk 0:23:53]} 26. fxe3 {[%clk
0:19:03]} Qe5 {[%clk 0:24:20]} 27. Qf4 {[%clk 0:15:25]} Qc3 {[%clk 0:22:58]}
28. Qd6 {[%clk 0:13:05]} Rc8 {[%clk 0:22:36]} 29. Rfc1 {[%clk 0:11:47]} Qd2
{[%clk 0:22:54]} 30. Qd4 {[%clk 0:11:49]} Rcb8 {[%clk 0:21:28]} 31. b5 {[%clk
0:09:14]} cxb5 {[%clk 0:21:29]} 32. c6 {[%clk 0:09:34]} Rc7 {[%clk 0:21:35]}
33. axb5 {[%clk 0:09:35]} Rxb5 {[%clk 0:18:49]} 34. Rd1 {[%clk 0:05:33]} Rxb1
{[%clk 0:18:26]} 35. Rxb1 {[%clk 0:06:02]} Rc8 {[%clk 0:18:34]} 36. c7 {[%clk
0:06:13]} Qc2 {[%clk 0:17:33]} 37. Qd8+ {[%clk 0:05:42]} Kg7 {[%clk 0:17:55]}
38. Qxc8 {[%clk 0:05:43]} Qxb1+ {[%clk 0:18:21]} 39. Kg2 {[%clk 0:05:49]} Qc2+
{[%clk 0:18:33]} 40. Kh3 {[%clk 0:05:57]} Qxd3 {[%clk 0:18:32]} 41. Qb7 {[%clk
0:30:11]} Qf1+ {[%clk 0:48:39]} 42. Qg2 {[%clk 0:29:41]} Qc1 {[%clk 0:47:18]}
43. Qb7 {[%clk 0:27:23]} Qf1+ {[%clk 0:47:10]} 44. Qg2 {[%clk 0:24:07]} Qc1
{[%clk 0:46:41]} 45. Qb7 {[%clk 0:24:16]} 1/2-1/2

[Event "Deutsche Ländermeisterschaft 2018"]
[Site "Würzburg GER"]
[Date "2018.10.05"]
[Round "4"]
[White "Müdder, Melanie"]
[Black "Mundt, Alexandra"]
[Result "1-0"]
[Termination "normal"]
[Board "2.7"]
[WhiteElo "1826"]
[BlackElo "1679"]
[WhiteClock "00:27:46"]
[BlackClock "00:01:16"]
[WhiteTeam "Nordrhein-Westfalen"]
[BlackTeam "Schleswig-Holstein"]
[PlyCount "81"]
[WhiteFideId "12994103"]
[BlackFideId "16217276"]
[EventCountry "GER"]
[EventRounds "7"]
[EventType "team-swiss"]
[EventDate "2018.10.02"]

1. e4 {[%clk 1:30:58]} e5 {[%clk 1:30:53]} 2. Nf3 {[%clk 1:31:24]} Nf6 {[%clk
1:31:17]} 3. Nxe5 {[%clk 1:31:42]} d6 {[%clk 1:31:39]} 4. Nf3 {[%clk 1:32:03]}
Nxe4 {[%clk 1:32:03]} 5. Nc3 {[%clk 1:32:20]} Nxc3 {[%clk 1:32:11]} 6. dxc3
{[%clk 1:32:39]} Nc6 {[%clk 1:32:17]} 7. Be3 {[%clk 1:32:45]} Bg4 {[%clk
1:32:18]} 8. h3 {[%clk 1:32:51]} Bh5 {[%clk 1:31:24]} 9. Qd5 {[%clk 1:22:28]}
Bxf3 {[%clk 1:19:12]} 10. Qxf3 {[%clk 1:17:51]} Be7 {[%clk 1:15:49]} 11. Bb5
{[%clk 1:11:43]} Qd7 {[%clk 1:07:25]} 12. O-O {[%clk 0:55:18]} O-O {[%clk
1:03:29]} 13. c4 {[%clk 0:46:17]} Bf6 {[%clk 0:57:17]} 14. c3 {[%clk 0:41:06]}
a6 {[%clk 0:55:33]} 15. Ba4 {[%clk 0:37:32]} Rad8 {[%clk 0:54:50]} 16. Bc2
{[%clk 0:33:21]} Qe6 {[%clk 0:44:49]} 17. c5 {[%clk 0:30:47]} d5 {[%clk
0:38:37]} 18. Bf5 {[%clk 0:25:08]} Qe7 {[%clk 0:38:18]} 19. Rfe1 {[%clk
0:23:04]} Rfe8 {[%clk 0:34:51]} 20. Rad1 {[%clk 0:19:18]} d4 {[%clk 0:24:59]}
21. Bd2 {[%clk 0:16:10]} Qxc5 {[%clk 0:24:46]} 22. b4 {[%clk 0:13:09]} Qc4
{[%clk 0:22:36]} 23. Bd3 {[%clk 0:11:22]} Qxa2 {[%clk 0:18:54]} 24. Qf5 {[%clk
0:09:50]} Rxe1+ {[%clk 0:13:59]} 25. Rxe1 {[%clk 0:09:34]} g6 {[%clk 0:11:45]}
26. Qf4 {[%clk 0:04:06]} dxc3 {[%clk 0:07:37]} 27. Bc1 {[%clk 0:03:20]} Kg7
{[%clk 0:02:37]} 28. Bc4 {[%clk 0:02:35]} Qa4 {[%clk 0:01:37]} 29. Qxc7 {[%clk
0:02:25]} Rf8 {[%clk 0:00:39]} 30. Bxf7 {[%clk 0:01:20]} Rxf7 {[%clk 0:00:40]}
31. Bh6+ {[%clk 0:01:41]} Kxh6 32. Qxf7 {[%clk 0:02:01]} Bg5 {[%clk 0:00:51]}
33. Qf8+ {[%clk 0:01:41]} Kh5 {[%clk 0:01:18]} 34. g4+ {[%clk 0:01:42]} Kh4
{[%clk 0:01:35]} 35. Qf3 {[%clk 0:01:53]} Bd8 {[%clk 0:00:41]} 36. Qg3+ {[%clk
0:01:11]} Kg5 37. h4+ {[%clk 0:01:11]} Kh6 {[%clk 0:00:59]} 38. g5+ {[%clk
0:01:16]} Kh5 {[%clk 0:00:31]} 39. Qf3+ {[%clk 0:00:40]} Kxh4 {[%clk 0:00:56]}
40. Qg3+ {[%clk 0:00:40]} Kh5 {[%clk 0:01:16]} 41. Kg2 {[%clk 0:27:46]} 1-0

[Event "Deutsche Ländermeisterschaft 2018"]
[Site "Würzburg GER"]
[Date "2018.10.05"]
[Round "4"]
[White "Huber, Benedikt"]
[Black "Wu, Luka"]
[Result "1/2-1/2"]
[Termination "normal"]
[Board "3.4"]
[WhiteElo "2116"]
[BlackElo "2001"]
[WhiteClock "00:01:29"]
[BlackClock "00:04:23"]
[WhiteTeam "Bayern 1"]
[BlackTeam "Baden 2"]
[PlyCount "147"]
[WhiteFideId "12923583"]
[BlackFideId "12977420"]
[EventCountry "GER"]
[EventRounds "7"]
[EventType "team-swiss"]
[EventDate "2018.10.02"]

1. d4 {[%clk 1:30:55]} d5 {[%clk 1:30:52]} 2. c4 {[%clk 1:31:03]} c6 {[%clk
1:31:02]} 3. cxd5 {[%clk 1:31:04]} cxd5 {[%clk 1:31:03]} 4. Nc3 {[%clk
1:31:26]} Nf6 {[%clk 1:29:21]} 5. Bf4 {[%clk 1:31:37]} a6 {[%clk 1:25:13]} 6.
e3 {[%clk 1:28:20]} Nc6 {[%clk 1:23:53]} 7. Bd3 {[%clk 1:28:41]} Bg4 {[%clk
1:21:00]} 8. Nge2 {[%clk 1:27:18]} e6 {[%clk 1:19:59]} 9. a3 {[%clk 1:23:57]}
Bd6 {[%clk 1:16:20]} 10. Qc2 {[%clk 1:23:25]} Rc8 {[%clk 1:13:38]} 11. Bxd6
{[%clk 1:21:05]} Qxd6 {[%clk 1:14:00]} 12. Ng3 {[%clk 1:21:29]} e5 {[%clk
1:03:01]} 13. Bf5 {[%clk 1:16:46]} Rd8 {[%clk 0:59:11]} 14. dxe5 {[%clk
1:08:06]} Qxe5 {[%clk 0:58:08]} 15. Bxg4 {[%clk 1:03:14]} Nxg4 {[%clk 0:58:32]}
16. Qf5 {[%clk 1:03:19]} Qxf5 {[%clk 0:57:24]} 17. Nxf5 {[%clk 1:03:48]} g6
{[%clk 0:57:46]} 18. Nd4 {[%clk 1:03:59]} Nxd4 {[%clk 0:57:38]} 19. exd4 {[%clk
1:04:27]} Ke7 {[%clk 0:57:04]} 20. Kd2 {[%clk 0:55:23]} Nxf2 {[%clk 0:51:37]}
21. Rae1+ {[%clk 0:55:52]} Ne4+ {[%clk 0:51:59]} 22. Nxe4 {[%clk 0:56:12]} dxe4
{[%clk 0:52:24]} 23. Rxe4+ {[%clk 0:56:39]} Kd6 {[%clk 0:52:23]} 24. Rhe1
{[%clk 0:55:07]} Rd7 {[%clk 0:51:36]} 25. Rc1 {[%clk 0:54:18]} Rdd8 {[%clk
0:50:55]} 26. Rce1 {[%clk 0:50:00]} Rd7 {[%clk 0:51:11]} 27. g4 {[%clk
0:48:00]} Rc8 {[%clk 0:50:04]} 28. Rf1 {[%clk 0:45:11]} Rc6 {[%clk 0:40:25]}
29. Kd3 {[%clk 0:43:13]} Kc7 {[%clk 0:39:20]} 30. g5 {[%clk 0:42:13]} Rcd6
{[%clk 0:37:55]} 31. Rc1+ {[%clk 0:37:05]} Kd8 {[%clk 0:37:38]} 32. Rce1 {[%clk
0:37:33]} Rd5 {[%clk 0:35:59]} 33. h4 {[%clk 0:37:35]} Kc7 {[%clk 0:35:35]} 34.
Rf4 {[%clk 0:37:15]} Kd8 {[%clk 0:35:04]} 35. Re2 {[%clk 0:32:17]} h6 {[%clk
0:19:59]} 36. Rg2 {[%clk 0:26:16]} Ke8 {[%clk 0:16:06]} 37. Ke3 {[%clk
0:21:58]} hxg5 {[%clk 0:15:32]} 38. Re4+ {[%clk 0:20:02]} Kf8 {[%clk 0:15:16]}
39. Rxg5 {[%clk 0:19:33]} Rxg5 {[%clk 0:14:23]} 40. hxg5 {[%clk 0:20:02]} Kg7
{[%clk 0:14:31]} 41. Re5 {[%clk 0:23:45]} f6 {[%clk 0:43:11]} 42. gxf6+ {[%clk
0:23:59]} Kxf6 {[%clk 0:43:37]} 43. Rc5 {[%clk 0:24:25]} g5 {[%clk 0:42:30]}
44. Ke4 {[%clk 0:23:19]} Re7+ {[%clk 0:42:36]} 45. Kf3 {[%clk 0:21:42]} Kg6
{[%clk 0:42:12]} 46. Rc8 {[%clk 0:21:27]} Rf7+ {[%clk 0:39:46]} 47. Ke4 {[%clk
0:19:59]} Kf6 {[%clk 0:31:58]} 48. d5 {[%clk 0:14:37]} Re7+ {[%clk 0:30:20]}
49. Kd4 {[%clk 0:14:20]} Re2 {[%clk 0:30:20]} 50. b4 {[%clk 0:12:35]} Rd2+
{[%clk 0:29:45]} 51. Ke4 {[%clk 0:12:47]} Re2+ {[%clk 0:30:03]} 52. Kd4 {[%clk
0:13:08]} Rd2+ {[%clk 0:30:27]} 53. Ke4 {[%clk 0:13:30]} Re2+ {[%clk 0:30:11]}
54. Kd3 {[%clk 0:13:53]} Ra2 {[%clk 0:30:30]} 55. Rc3 {[%clk 0:11:19]} Ke5
{[%clk 0:30:11]} 56. Kc4 {[%clk 0:11:34]} Ke4 {[%clk 0:06:01]} 57. Rg3 {[%clk
0:05:18]} Rc2+ {[%clk 0:03:46]} 58. Kb3 {[%clk 0:05:42]} Rd2 {[%clk 0:04:12]}
59. Rxg5 {[%clk 0:05:49]} Rxd5 {[%clk 0:04:37]} 60. Rg7 {[%clk 0:06:11]} Rb5
{[%clk 0:02:50]} 61. Rd7 {[%clk 0:05:27]} Rb6 {[%clk 0:02:12]} 62. a4 {[%clk
0:04:30]} Ke5 {[%clk 0:02:03]} 63. a5 {[%clk 0:02:50]} Rb5 {[%clk 0:02:25]} 64.
Kc4 {[%clk 0:03:11]} Ke6 {[%clk 0:02:32]} 65. Rd4 {[%clk 0:03:08]} Ke5 {[%clk
0:02:48]} 66. Rd8 {[%clk 0:02:27]} Ke6 {[%clk 0:02:58]} 67. Rd4 {[%clk
0:02:02]} Ke5 {[%clk 0:03:13]} 68. Rd7 {[%clk 0:01:56]} Ke6 {[%clk 0:03:29]}
69. Rd8 {[%clk 0:02:24]} Ke5 {[%clk 0:03:35]} 70. Rh8 {[%clk 0:01:29]} Kd6
{[%clk 0:03:54]} 71. Rh6+ {[%clk 0:01:48]} Kc7 {[%clk 0:03:54]} 72. Rh7+ {[%clk
0:02:17]} Kd6 {[%clk 0:04:17]} 73. Rg7 {[%clk 0:01:16]} Kc6 {[%clk 0:04:23]}
74. Rg6+ {[%clk 0:01:29]} 1/2-1/2

[Event "Deutsche Ländermeisterschaft 2018"]
[Site "Würzburg GER"]
[Date "2018.10.05"]
[Round "4"]
[White "Richter, Nils"]
[Black "Wu, Leon"]
[Result "1/2-1/2"]
[Termination "normal"]
[Board "4.4"]
[WhiteElo "2035"]
[BlackElo "2009"]
[WhiteClock "00:01:30"]
[BlackClock "00:01:34"]
[WhiteTeam "Württemberg 1"]
[BlackTeam "Baden 1"]
[PlyCount "83"]
[WhiteFideId "12990809"]
[BlackFideId "12977438"]
[EventCountry "GER"]
[EventRounds "7"]
[EventType "team-swiss"]
[EventDate "2018.10.02"]

1. e4 {[%clk 1:30:59]} c5 {[%clk 1:30:50]} 2. Nf3 {[%clk 1:31:24]} d6 {[%clk
1:31:10]} 3. Bb5+ {[%clk 1:31:48]} Nd7 {[%clk 1:30:01]} 4. O-O {[%clk 1:32:05]}
e6 {[%clk 1:28:19]} 5. c3 {[%clk 1:31:34]} Ngf6 {[%clk 1:27:42]} 6. Re1 {[%clk
1:31:52]} Be7 {[%clk 1:26:05]} 7. d4 {[%clk 1:31:23]} cxd4 {[%clk 1:23:19]} 8.
cxd4 {[%clk 1:31:47]} O-O {[%clk 1:23:18]} 9. Nc3 {[%clk 1:30:32]} e5 {[%clk
1:15:57]} 10. h3 {[%clk 1:24:21]} a6 {[%clk 1:12:13]} 11. Bf1 {[%clk 1:16:03]}
b5 {[%clk 1:08:11]} 12. b4 {[%clk 1:03:30]} d5 {[%clk 0:51:38]} 13. Nxd5 {[%clk
1:00:43]} Nxd5 {[%clk 0:51:24]} 14. exd5 {[%clk 1:01:11]} Bxb4 {[%clk 0:48:14]}
15. Bd2 {[%clk 0:49:45]} Bxd2 {[%clk 0:47:32]} 16. Qxd2 {[%clk 0:50:14]} Nb6
{[%clk 0:45:39]} 17. dxe5 {[%clk 0:46:55]} Qxd5 {[%clk 0:43:02]} 18. Qa5 {[%clk
0:40:05]} Nc4 {[%clk 0:37:07]} 19. Bxc4 {[%clk 0:39:46]} Qxc4 {[%clk 0:37:13]}
20. Rac1 {[%clk 0:40:09]} Qd5 {[%clk 0:35:38]} 21. Red1 {[%clk 0:39:50]} Qe4
{[%clk 0:33:28]} 22. Rd4 {[%clk 0:36:23]} Qg6 {[%clk 0:31:07]} 23. Rd6 {[%clk
0:35:54]} Qh5 {[%clk 0:30:25]} 24. Qa3 {[%clk 0:29:14]} a5 {[%clk 0:23:17]} 25.
Qd3 {[%clk 0:24:42]} Bf5 {[%clk 0:19:35]} 26. Qe3 {[%clk 0:23:49]} Be6 {[%clk
0:18:31]} 27. Nd4 {[%clk 0:24:01]} Rfe8 {[%clk 0:14:42]} 28. Nxe6 {[%clk
0:22:33]} Rxe6 {[%clk 0:14:19]} 29. Rxe6 {[%clk 0:20:15]} fxe6 {[%clk 0:14:39]}
30. Rc7 {[%clk 0:15:22]} Rf8 {[%clk 0:10:08]} 31. Qg3 {[%clk 0:09:53]} Qh6
{[%clk 0:08:57]} 32. Rb7 {[%clk 0:08:46]} g6 {[%clk 0:05:36]} 33. Rxb5 {[%clk
0:07:39]} Qc1+ {[%clk 0:05:38]} 34. Kh2 {[%clk 0:08:08]} Qd2 {[%clk 0:05:47]}
35. f4 {[%clk 0:02:27]} Qxa2 {[%clk 0:04:19]} 36. Rb7 {[%clk 0:02:26]} Qc4
{[%clk 0:03:15]} 37. Ra7 {[%clk 0:01:34]} a4 {[%clk 0:03:01]} 38. Re7 {[%clk
0:00:42]} Rxf4 {[%clk 0:01:23]} 39. Qe3 {[%clk 0:00:33]} Rf8 {[%clk 0:01:00]}
40. Qh6 {[%clk 0:00:41]} Qf4+ {[%clk 0:01:08]} 41. Qxf4 {[%clk 0:01:07]} Rxf4
{[%clk 0:01:34]} 42. Rxe6 {[%clk 0:01:30]} 1/2-1/2

[Event "Deutsche Ländermeisterschaft 2018"]
[Site "Würzburg GER"]
[Date "2018.10.05"]
[Round "4"]
[White "Wörz, Ann-Sophie"]
[Black "Schulz, Hannah"]
[Result "1-0"]
[Termination "normal"]
[Board "4.8"]
[WhiteElo "1463"]
[BlackElo "1527"]
[WhiteClock "00:36:31"]
[BlackClock "00:30:29"]
[WhiteTeam "Württemberg 1"]
[BlackTeam "Baden 1"]
[PlyCount "119"]
[WhiteFideId "16265890"]
[BlackFideId "16244745"]
[EventCountry "GER"]
[EventRounds "7"]
[EventType "team-swiss"]
[EventDate "2018.10.02"]

1. e4 {[%clk 1:30:59]} c6 {[%clk 1:30:56]} 2. d4 {[%clk 1:31:23]} d5 {[%clk
1:31:24]} 3. exd5 {[%clk 1:31:47]} cxd5 {[%clk 1:31:50]} 4. Bd3 {[%clk
1:32:01]} Nc6 {[%clk 1:32:05]} 5. c3 {[%clk 1:32:21]} g6 {[%clk 1:32:23]} 6.
Bf4 {[%clk 1:32:02]} Bg7 {[%clk 1:32:23]} 7. Nd2 {[%clk 1:30:08]} Nf6 {[%clk
1:31:28]} 8. h3 {[%clk 1:29:37]} O-O {[%clk 1:28:41]} 9. Ngf3 {[%clk 1:28:06]}
a6 {[%clk 1:26:15]} 10. O-O {[%clk 1:24:59]} Bf5 {[%clk 1:24:56]} 11. Qc2
{[%clk 1:14:45]} Bxd3 {[%clk 1:21:17]} 12. Qxd3 {[%clk 1:15:13]} Qb6 {[%clk
1:17:38]} 13. b3 {[%clk 1:10:13]} Na7 {[%clk 1:11:24]} 14. Rfe1 {[%clk
1:07:32]} Qd8 {[%clk 1:08:27]} 15. Qe3 {[%clk 1:03:41]} Nc6 {[%clk 1:00:02]}
16. Bh6 {[%clk 0:57:23]} e6 {[%clk 0:57:01]} 17. Bg5 {[%clk 0:53:15]} Qc8
{[%clk 0:52:30]} 18. Rac1 {[%clk 0:51:00]} Ne7 {[%clk 0:50:51]} 19. Ne5 {[%clk
0:49:18]} Nf5 {[%clk 0:50:14]} 20. Qd3 {[%clk 0:47:19]} Ne8 {[%clk 0:46:10]}
21. g4 {[%clk 0:39:55]} f6 {[%clk 0:45:25]} 22. gxf5 {[%clk 0:38:36]} exf5
{[%clk 0:43:36]} 23. Nxg6 {[%clk 0:31:04]} hxg6 {[%clk 0:41:39]} 24. Be3 {[%clk
0:29:33]} Nd6 {[%clk 0:38:22]} 25. c4 {[%clk 0:26:55]} dxc4 {[%clk 0:37:27]}
26. bxc4 {[%clk 0:26:47]} Nf7 {[%clk 0:36:36]} 27. Kh1 {[%clk 0:25:09]} Bh6
{[%clk 0:28:30]} 28. Rg1 {[%clk 0:23:54]} Kh7 {[%clk 0:20:37]} 29. Rce1 {[%clk
0:21:14]} Rg8 {[%clk 0:15:51]} 30. Bxh6 {[%clk 0:20:43]} Kxh6 {[%clk 0:14:30]}
31. Re7 {[%clk 0:19:57]} Kg7 {[%clk 0:11:37]} 32. Rb1 {[%clk 0:15:59]} Rb8
{[%clk 0:09:42]} 33. Rb6 {[%clk 0:15:12]} Re8 {[%clk 0:06:49]} 34. Re3 {[%clk
0:11:25]} Ng5 {[%clk 0:04:36]} 35. d5 {[%clk 0:08:44]} Qc7 {[%clk 0:02:54]} 36.
Qd4 {[%clk 0:07:09]} Rxe3 {[%clk 0:03:11]} 37. Qxf6+ {[%clk 0:06:44]} Kg8
{[%clk 0:03:10]} 38. Qxg6+ {[%clk 0:06:15]} Qg7 {[%clk 0:02:10]} 39. fxe3
{[%clk 0:06:06]} Nxh3 {[%clk 0:01:17]} 40. Qxg7+ {[%clk 0:06:29]} Kxg7 {[%clk
0:01:38]} 41. Kg2 {[%clk 0:06:28]} Ng5 {[%clk 0:01:34]} 42. c5 {[%clk 0:06:11]}
Nf7 {[%clk 0:00:45]} 43. c6 {[%clk 0:06:22]} Kf8 {[%clk 0:29:46]} 44. Rxb7
{[%clk 0:36:55]} Rc8 {[%clk 0:29:47]} 45. e4 {[%clk 0:36:19]} Nd6 {[%clk
0:29:44]} 46. Rh7 {[%clk 0:35:24]} Re8 {[%clk 0:27:23]} 47. Rh8+ {[%clk
0:34:58]} Kf7 {[%clk 0:27:35]} 48. Rxe8 {[%clk 0:35:09]} Kxe8 {[%clk 0:27:59]}
49. e5 {[%clk 0:35:21]} Nf7 {[%clk 0:27:18]} 50. c7 {[%clk 0:35:19]} Kd7 {[%clk
0:27:42]} 51. e6+ {[%clk 0:35:47]} Kxc7 {[%clk 0:27:54]} 52. exf7 {[%clk
0:36:07]} f4 {[%clk 0:27:53]} 53. f8=Q {[%clk 0:36:25]} f3+ {[%clk 0:28:16]}
54. Kxf3 {[%clk 0:36:33]} Kd7 {[%clk 0:28:37]} 55. Ke4 {[%clk 0:36:23]} Kc7
{[%clk 0:29:01]} 56. d6+ {[%clk 0:36:21]} Kb7 {[%clk 0:29:22]} 57. Kd5 {[%clk
0:36:12]} a5 {[%clk 0:29:39]} 58. Qe7+ {[%clk 0:36:30]} Kb6 {[%clk 0:29:54]}
59. Qc7+ {[%clk 0:36:32]} Kb7 {[%clk 0:30:29]} 60. Qxb7 {[%clk 0:36:31]} 1-0